000 00635nam a2200205 a 4500
001 BRL_1963
005 20190320211443.0
008 210217s1992----mx-a######---#000-0#spa-#
041 _aspa
050 4 _bM66 1992
100 1 _aMontoya Garduño, Adriana Veneranda
_928329
245 1 0 _aLa artesanía, una tradición familiar
_bel caso del alfeñique en la ciudad de Toluca.
260 _aToluca, México
_c1992
300 _a120 p .
_bil., mapas
_c22 cm.
500 _aAu660
502 _aTesis Licenciatura (Licenciado en Antropología Social) UAEM
650 1 4 _aArtesanías
_zMéxico
_93976
902 _aTERL
942 _2lcc
_cTES
999 _c10770
_d10770